000 00570nam a2200181Ia 4500
008 100917s9999 xx 000 0 und d
082 _b41138
100 _aरहाळकर कृ. के.
245 _aकुठे असतो देव?
260 _bअरगडे कुलकर्णी प्रकाशन
_c1978
300 _a24
365 _b0.75
520 _aबालविभाग
630 _aकुठे असतो देव?
650 _aबालविभाग
730 _aकुठे असतो देव?
942 _cBOOK
999 _c646532
_d646529